| 000 | 01220cam a2200313 a 4500 | ||
|---|---|---|---|
| 001 | 17475037 | ||
| 005 | 20150318155739.0 | ||
| 008 | 120926s2013 mauab 001 0 eng | ||
| 020 | _a9780123970312 | ||
| 040 |
_aDLC _cDLC _dDLC _dDLC _ex |
||
| 043 | _aa-cc--- | ||
| 082 | 0 | 0 |
_a622.1828 _bXIN _222 |
| 100 | 1 | _aXinquan, Ran. | |
| 245 | 1 | 0 |
_aAdvanced water injection for low permeability reservoirs : _btheory and practice / _cRan Xinquan ; translated by Xu Fangfu, Gu Daihong. |
| 260 |
_aWaltham : _bGulf Professional Publishing : _bPetroleum Industry Press : _bElsevier, _cc.2013. |
||
| 300 |
_axiii, 241 p. : _bill., maps ; _c24 cm. |
||
| 500 | _aIncludes index. | ||
| 650 | 0 |
_aPetroleum _xProspecting _zChina _zOrdos Desert. |
|
| 650 | 0 |
_aPetroleum reserves _zChina _zOrdos Desert. |
|
| 650 | 0 |
_aGeology _zChina _zOrdos Desert. |
|
| 650 | 0 |
_aOil field flooding _zChina _zOrdos Desert. |
|
| 653 |
_bENGPET _cMarch2015 |
||
| 655 |
_vreading book _934232 |
||
| 700 | 1 | _aXu, Fangfu. | |
| 700 | 1 | _aGu, Daihong. | |
| 906 |
_a7 _bcbc _corignew _d1 _eecip _f20 _gy-gencatlg |
||
| 942 |
_2ddc _k622.1828 XIN |
||
| 999 |
_c19068 _d19040 |
||